01148nac a22002651u 4500010001700000020002600017020002200043082002200065090001500087100003400102245005100136260006800187300002500255440004100280500002600321504006400347511002600411650002600437856008800463856007600551856010600627942002400733999001500757952011000772 a 2003053221 a0521831369 (hardback) a0521538629 (pbk.)00a070.44930366bWOL c6658d6658 aWolfsfeld, Gadi. 10aMedia and the path to peace /cGadi Wolfsfeld. aCambridge ;aNew York :bCambridge University Press,2004c2004. axi, 271 p. ;c24 cm. 0aCommunication, society, and politics adistributer: Al-Ahram aIncludes bibliographical references (p. 247-254) and index. acatalogued by: wessam 0aMass media and peace.423Publisher descriptionuhttp://www.loc.gov/catdir/description/cam032/2003053221.html423Table of contentsuhttp://www.loc.gov/catdir/toc/cam032/2003053221.html423Contributor biographical informationuhttp://www.loc.gov/catdir/enhancements/fy0732/2003053221-b.html cBBk070.44930366WOL c6658d6658 00104070aMAINbMAINcLOWd2007-11-28ePurchasel0o070.44930366WOLp000008344r2025-07-15 00:00:00yBB